000 00782nam a22002651 4500
001 30108
003 BD-RjUL
005 20211209051520.0
008 140409r19681921nyu b 001 0 eng d
035 _a(BD-RjUL)30193
040 _aDLC
_cDLC
_dBD-RjUL
_beng
041 0 _aengsan
082 0 0 _a181.43
_bKEI 1968
100 1 _aKeith, Arthur Berriedale
_d1879-1944.
_95639
245 1 0 _aIndian logic and atomism :
_ban exposition of the Nyāya and Vaiçeṣika systems /
260 _aNew York :
_bGreenwood Press,
_c1968.
300 _a[2] 291 p. ;
_c20 cm.
500 _aReprint of the 1921 ed.
504 _aBibliographical footnotes.
650 0 _aNyaya.
_991085
650 0 _aVaiśeṣika.
_991549
942 _2ddc
_cBK
999 _c30108
_d30108